000 00871nac a22002771i 4500
003 EG-ScBUE
005 20240929104023.0
008 040209t2003 -cna f 001 0 eng d
020 _a0201798050
020 _a9780201798050
040 _aEG-ScBUE
_beng
_erda
_cEG-ScBUE
_dEG-ScBUE
082 0 4 _a515
_bADA
_222
100 1 _aAdams, Robert A.,
_eauthor.
_933441
245 1 0 _aCalculus
_bsingle variable/
_cRobert A. Adams, Department of Mathematics, University of British Columbia.
250 _aFifth edition.
264 1 _aToronto :
_bLongman,
_c[2003]
264 4 _cc2003
300 _a640 pages :
_billustrations ;
_c25 cm
336 _2rdacontent
_atext
_btxt
337 _aunmediated
_2rdamedia
_bn
338 _avolume
_bnc
_2rdacarrier
500 _aIncludes index.
650 7 _aCalculus.
_2BUEsh
_933442
655 _vReading book
942 _cBB
_2ddc
999 _c163
_d163